| 000 | 00383nam a2200169 a 4500 | ||
|---|---|---|---|
| 041 | _aPersian | ||
| 082 | 0 | 0 |
_a234.2 _bELD1 |
| 100 | _aElder, John | ||
| 245 | _aIman Ba Khuda | ||
| 260 |
_aEgypt _bMatba-E-Neel _c1936 |
||
| 300 | _a120 | ||
| 500 | _aincludes index and biblioraphy | ||
| 505 | 2 | _aBibliography | |
| 650 | _aFaith-Christianity | ||
| 700 | 1 | _aElder, John | |
| 942 | _cBK | ||
| 999 |
_c1027 _d1027 |
||